000 01170nam a2200313Ia 4500
001 ebr10201377
003 CaPaEBR
006 m u
007 cr cn|||||||||
008 060927s2006 nju sb 001 0 eng d
010 _z 2006283691
020 _z9789812566164
020 _z9812566163
040 _aCaPaEBR
_cCaPaEBR
035 _a(OCoLC)299585014
050 1 4 _aQA322.4
_b.J53 2006eb
100 1 _aJiang, Chunlan.
245 1 0 _aStructure of Hilbert space operators
_h[electronic resource] /
_cChunlan Jiang, Zongyao Wang.
260 _aHackensack, NJ :
_bWorld Scientific,
_c2006.
300 _ax, 248 p.
504 _aIncludes bibliographical references (p. 241-246) and index.
533 _aElectronic reproduction.
_bPalo Alto, Calif. :
_cebrary,
_d2009.
_nAvailable via World Wide Web.
_nAccess may be limited to ebrary affiliated libraries.
650 0 _aHilbert space.
650 0 _aLinear operators.
655 7 _aElectronic books.
_2local
700 1 _aWang, Zongyao.
710 2 _aebrary, Inc.
856 4 0 _uhttp://site.ebrary.com/lib/rucke/Doc?id=10201377
_zAn electronic book accessible through the World Wide Web; click to view
999 _c120087
_d120087